Statistics for Easy Quiz

Click here to take the quiz!

General Stats

  • This quiz has been taken 38 times
  • The average score is 6 of 6

Answer Stats

QuestionAnswer% Correct
type hh
100%
What quiz site am I onJetpunk
100%
What planet are all the jetpunk quizzers onEarth
96%
Type Quizzer6794Quizzer6794
96%
Is this quiz better than Sporcleyes
96%
What does this mainly haveQuizzes
78%

Score Distribution

Percentile by Number Answered

Percent of People with Each Score

Your Score History

You have not taken this quiz